Statistics for Largest Islands of the Bahamas - Map Quiz

Click here to take the quiz!

General Stats

  • This quiz has been taken 599 times
  • The average score is 7 of 15

Answers on the Map

Answers color-coded by a green-red scale on the quiz's map according to % correct below.
 

Answer Stats

Island% Correct
Grand Bahama
79%
Cat Island
66%
Great Abaco
62%
New Providence
60%
North Andros
59%
South Andros
57%
Long Island
56%
Great Inagua
47%
Eleuthera
46%
San Salvador
42%
Great Exuma
40%
Crooked Island
38%
Acklins
33%
Mayaguana
32%
Mangrove Cay
24%

Score Distribution

Percentile by Number Answered

Percent of People with Each Score

Your Score History

You have not taken this quiz